01008 a2200169 4500003000500000005001700005040000900022082002000031100002000051245009400071250001100165260005700176300002600233505052500259600002000784650003400804Nust20221228085616.0 cNust a355.3095491,CLO aBrain Cloughley aA history of the pakistan army wars and insurrections, bKargil Issue / cBrain Cloughley a2nd ed aArmy Education Publishing HousebPakistanc2001-2002 a435 p.;billusc24 cm aThe Beginning (Page-1), Ayub Khan Adjutant General To President (Page-23), Preparation of War (Page-52), 1965 Phase one Kashmir (Page-63), The September War (Page-79), The Last Year of Ayub Khan (Page-124), Yahya Khan and the Inevitability of the 1971 War (Page-144), Civil War in the India Invasion(Page-160), War in the West and the Fall of Yahya (Page-222), Zulfikar Ali Bhutto (Page-239), The Years of Zia (Page-271), Democracy Again (Page-300), The New Modern Army (Page-339), Epilogue Karamat to Kargil (Page-360). aBrain Cloughley aTelecommunication engineering